| 000 | 004770000a22001690004500 | ||
|---|---|---|---|
| 003 | MACL | ||
| 005 | 20151222152633.0 | ||
| 008 | 151222b xxu||||| |||| 00| 0 eng d | ||
| 040 |
_aMACL _cMACL |
||
| 041 | _aEnglish | ||
| 082 | _a900WIL | ||
| 100 |
_aWilliams, Neville _921888 |
||
| 245 |
_aThe Modern World 1901-1998 _bThe Hutchinson Chronology of World History Vo 4 |
||
| 260 |
_bHelicon Publishing Ltd _c1999 _aItaly |
||
| 650 |
_aHistory _922074 |
||
| 942 |
_cBK _k900/WIL _2ddc |
||
| 999 |
_c39761 _d39761 |
||